5 Najrzadziej Zgadywanych Krajów w Quizie Państwa Świata - Statystyki

Ogólne statystyki
  • Ten quiz został rozwiązany 1 529 razy
  • Średni wynik to 14 z 30
Statystyki odpowiedzi
% Odpowiedź % Poprawnych
Europa 56% Andora
81%
Europa 56% Liechtenstein
80%
Europa 52% San Marino
76%
Europa 55% Kosowo
67%
Europa 54% Malta
61%
Ameryka Południowa 43% Gujana
60%
Ameryka Południowa 61% Paragwaj
58%
Ameryka Południowa 33% Surinam
58%
Ameryka Południowa 56% Ekwador
55%
Ameryka Południowa 65% Wenezuela
51%
Ameryka Północna 16% Saint Kitts i Nevis
49%
Ameryka Północna 16% Saint Lucia
48%
Australia i Oceania 17% Vanuatu
47%
Australia i Oceania 17% Palau
46%
Ameryka Północna 14% Saint Vincent i Grenadyny
46%
Azja 20% Timor Wschodni
46%
Australia i Oceania 15% Nauru
45%
Azja 20% Brunei
43%
Australia i Oceania 16% Tuvalu
43%
Ameryka Północna 18% Antigua i Barbuda
40%
Ameryka Północna 16% Grenada
39%
Australia i Oceania 16% Tonga
39%
Afryka 19% Eswatini
37%
Afryka 21% Wyspy Świętego Tomasza i Książęca
37%
Azja 32% Singapur
36%
Azja 24% Bahrajn
34%
Afryka 18% Komory
34%
Afryka 20% Burundi
30%
Azja 31% Malediwy
30%
Afryka 20% Malawi
22%
Nie znaleziono quizów pasujących do podanych kryteriów
Rozkład punktacji
Procent ludzi z każdym wynikiem
Percentyl według liczby udzielonych odpowiedzi
Twoja historia wyników
Nie rozwiązałeś tego quizu